| 000 | 02436nam0a2200421 4500 | ||
|---|---|---|---|
| 001 | RU\NLR\bibl\968579 | ||
| 005 | 20260407094446.0 | ||
| 010 |
_a5-98118-042-0 _940000 |
||
| 021 |
_aRU _b2006-31054 _91548 |
||
| 035 | _a(nilc)RSL-KNO-002891621 | ||
| 035 | _a(NLR Aleph) 000956551 | ||
| 090 |
_a312851 _c312851 |
||
| 100 | _a20060530d2006 |||y0rusy50 ca | ||
| 101 | 0 | _arus | |
| 102 | _aRU | ||
| 105 | _aa ||||||||| | ||
| 106 | _ar | ||
| 200 | 1 |
_aФинансы _eучебник _e[для студентов высших учебных заведений, обучающихся по экономическим специальностям и направлениям подготовки _fд. э. н., проф. В. А. Галанов, к. э. н. А. Г. Игудин, д. э. н., проф. В. Г. Князев и др.] _gпод ред. д. э. н., проф., засл. деят. науки РФ С. И. Лушина., д. э. н., проф. засл. деят. науки РФ В. А. Слепова _gРос. экон. акад. им. Г. В. Плеханова |
|
| 210 |
_aМосква _cЭкономистъ _d2006 |
||
| 215 |
_a680 с. _cил. _d22 |
||
| 300 | _aАвт. указаны на обороте тит. л. | ||
| 320 | _aБиблиогр. в подстроч. прим. | ||
| 606 | 1 |
_aФинансы _jУчебники для высших учебных заведений _yРоссийская Федерация _92073627 _3RU\NLR\auth\661248550 |
|
| 610 | 0 | _aЭкономика -- Российская Федерация -- Финансы. Денежное обращение. Кредит -- Учебник для высшей школы | |
| 686 |
_aУ9(2)26я73-1 _2rubbk |
||
| 686 | _aУ26(2)я73 | ||
| 701 | 1 |
_4070 _8rus _7ca _aГаланов _bВ. А. _gВладимир Александрович _3RU\NLR\auth\776510 _9116463 |
|
| 701 | 1 |
_aИгудин _bА. Г. _4070 |
|
| 701 | 1 |
_4070 _8rus _7ca _aКнязев _bВ. Г. _gВладимир Геннадьевич _3RU\NLR\auth\777992 _9117913 |
|
| 702 | 1 |
_aЛушин _bС. И. _gСтанислав Иванович _4340 |
|
| 712 | 0 | 2 |
_4570 _aРоссийская экономическая академия им. Г. В. Плеханова _3RU\NLR\AUTH\889919800 _9335839 |
| 801 | 0 |
_aRU _bРКП _c20060530 _grcr |
|
| 801 | 1 |
_aRU _bРГБ _c20060530 |
|
| 801 | 2 |
_aRU _bNLR _c20060718 _grcr |
|
| 942 | _cBOOK | ||
| 980 | _aNB | ||